| 000 | 01342nam a2200289 i 4500 | ||
|---|---|---|---|
| 001 | 180086 | ||
| 003 | ES-MaACL | ||
| 005 | 20250407181511.0 | ||
| 008 | 120416s1943 sp | |||||||| | spa d | ||
| 080 | _a821.124 García Matamoros, Alfonso 7 De asserenda Hispanorum eruditione.07 | ||
| 100 | 1 |
_aGarcía Matamoros, Alfonso. _954922 |
|
| 245 | 1 | 0 |
_aPro adserenda Hispanorum eruditione / _cAlfonso García Matamoros ; edición, estudio, traducción y notas de José López de Toro. |
| 246 | 3 | 5 | _aApología en defensa de la cultura hispana |
| 246 | 3 | 4 | _aApología "pro adserenda Hispanorum eruditione" |
| 260 |
_aMadrid : _b[s.n.], _c1943 ( _eBurgos : _fImp. Aldecoa) |
||
| 300 |
_a275 p. ; _c25 cm. |
||
| 490 | 1 |
_aAnejos de la "Revista de filología española" ; _v28 |
|
| 504 | _aBibliografía: p. [237]-241. | ||
| 546 | _aPort. adicional en español. | ||
| 546 | _aTexto en latín y traducción en español; estudio crítico en español. | ||
| 594 | _aPrecede al tít.: Consejo Superior de Investigaciones Científicas, Patronato Menéndez y Pelayo, Instituto "Antonio de Nebrija" | ||
| 700 | 1 |
_aLópez de Toro, José, _d1897-1972 _973594 |
|
| 710 | 2 |
_aInstituto Antonio de Nebrija. _94795 |
|
| 830 | 1 |
_aAnejos de la "Revista de filología española" ; _v28 _9191161 |
|
| 852 | 4 |
_aES-MaACL _jE-15375 |
|
| 999 |
_c180086 _d180086 |
||